Bách khoa thư Hà Nội Kỉ niệm 1000 năm Thăng Long - Hà Nội 1010 - 2010 T.16 Tín ngưỡng tôn giáo
Giới thiệu tín ngưỡng truyền thống Thăng Long - Hà Nội tiêu biểu như thờ Vua Hùng, thờ Trời, thành hoàng, các vị thần có công khai phá, lập làng, thờ Tổ sư các nghề, thờ tổ tiên. Lịch sử hình thành và sự phát triển Phật giáo, đạo Công giáo, Đạo Giáo, đạo Tin Lành, đạo Cao Đài ở Hà Nội...
Αποθηκεύτηκε σε:
| Κύριος συγγραφέας: | |
|---|---|
| Άλλοι συγγραφείς: | , , , |
| Μορφή: | Βιβλίο |
| Γλώσσα: | Vietnamese |
| Έκδοση: |
H.
Văn hóa thông tin
2010
|
| Σειρά: | Viện nghiên cứu và phổ biến kiến thức bách khoa
|
| Θέματα: | |
| Ετικέτες: |
Προσθήκη ετικέτας
Δεν υπάρχουν, Καταχωρήστε ετικέτα πρώτοι!
|
| Thư viện lưu trữ: | Mạng thư viện Đại học Đà Nẵng |
|---|
| LEADER | 02011nam a2200445 4500 | ||
|---|---|---|---|
| 001 | 000009655 | ||
| 003 | 5852 | ||
| 005 | 20111031111015.0 | ||
| 008 | 111031s2010 viesd | ||
| 020 | |c 110000 | ||
| 041 | 0 | |a vie | |
| 082 | |a 039 |b Bac | ||
| 100 | 0 | |a Nguyễn Duy Hinh |e Chủ biên | |
| 245 | 1 | 0 | |a Bách khoa thư Hà Nội |b Kỉ niệm 1000 năm Thăng Long - Hà Nội 1010 - 2010 |c Nguyễn Duy Hinh (ch.b.), Nguyễn Quốc Tuấn, Đặng Nghiêm Vạn... |n T.16 |p Tín ngưỡng tôn giáo |
| 260 | |a H. |b Văn hóa thông tin |c 2010 | ||
| 300 | |a 199tr., 4tr. ảnh màu |c 27 cm | ||
| 490 | |a Viện nghiên cứu và phổ biến kiến thức bách khoa | ||
| 500 | |a Ủy ban nhân dân thành phố Hà Nội | ||
| 504 | |a Phụ lục: tr. 179-193. - Thư mục: tr. 195-196 | ||
| 520 | |a Giới thiệu tín ngưỡng truyền thống Thăng Long - Hà Nội tiêu biểu như thờ Vua Hùng, thờ Trời, thành hoàng, các vị thần có công khai phá, lập làng, thờ Tổ sư các nghề, thờ tổ tiên. Lịch sử hình thành và sự phát triển Phật giáo, đạo Công giáo, Đạo Giáo, đạo Tin Lành, đạo Cao Đài ở Hà Nội | ||
| 653 | |a Tôn giáo | ||
| 653 | |a Tín ngưỡng | ||
| 653 | |a Bách khoa thư | ||
| 700 | |a Nguyễn Duy Hinh |e Chủ biên | ||
| 700 | |a Nguyễn Gia Quý |e B.s | ||
| 700 | |a Nguyễn Quốc Tuấn |e B.s | ||
| 700 | |a Đặng Nghiêm Vạn |e B.s | ||
| 700 | |a Phan Ngọc |e B.s | ||
| 773 | |t Bách khoa thư Hà Nội |w 5800 | ||
| 910 | |a duyên | ||
| OWN | |a LSP | ||
| AVA | |a UDN50 |b LSP |d 039 Bac |e available |t Error 5001 Not defined in file expand_doc_bib_avail. |f 1 |g 0 |h N |i 0 |k 1 | ||
| 999 | |a From the UDN01 | ||
| AVA | |a UDN50 |b LSP |d 039 Bac |e available |t Error 5001 Not defined in file expand_doc_bib_avail. |f 1 |g 0 |h N |i 0 |k 1 | ||
| TYP | |a Monograph | ||
| TYP | |a Printed language | ||
| 980 | |a Mạng thư viện Đại học Đà Nẵng | ||